000 00745nam a2200229 i 4500
001 35709
003 ES-MaACL
005 20250813063301.0
007 t|
008 030213s1963 sp ||||1| cat d
100 1 _aBrecht, Bertolt,
_d1898-1956
_931544
245 1 2 _aL'opera de tres rals /
_cBertolt Brecht ; versió, Joan Oliver , adaptació de les cançosn, Feliu Formosa.
250 _a1ª ed.
260 _a[Barcelona] :
_bFontanella,
_c1963.
300 _a94 p. ;
_c19 cm.
490 1 _aQuaderns de teatre ;
_v18
700 1 _aOliver, Joan,
_d1899-1986
_986815
700 1 _aFormosa, Feliu,
_d1934-
_951759
830 0 _aQuaderns de teatre ;
_v18
_9181596
852 _aES-MaACL
_jC-25487
_bR.53872
999 _c35709
_d35709